=LDR 00000nam 2200000 4500 =001 INLIS000000000040119 =005 20140830132303.0 =006 =007 =008 Ind =035 ##$$a 0010-061300000040119 =041 ##$$a Ind =082 ##$$a 813 =090 ##$$a 813, Har d.1 =100 ##$$a Harris,Harlaine =245 ##$$a Dead to the world, Vampir dan penyihir, Harlaine Harris =260 ##$$a 2009 $b esensi =300 ##$$a 460 hlm, 18 cm =850 ##$$a NBPNMAT =990 ##$$a 21400613/BPAP-NTB/20142014